| 000 | 00404nam a2200169Ia 4500 | ||
|---|---|---|---|
| 003 | 0STCL | ||
| 008 | 150530s9999 xx 000 0 und d | ||
| 040 |
_aSTCL _cSTCL |
||
| 100 | _aSukhsampattirai Bhandari | ||
| 245 | _aTwentieth Century Eng-Hindi Dictionary | ||
| 260 |
_bDictionary; Ajmer _c1950 |
||
| 300 | _a0 | ||
| 546 | _aHindi | ||
| 942 |
_2ddc _cBK |
||
| 999 |
_c66746 _d66746 |
||
| 005 | 20220125171331.0 | ||